| 000 | 00318nam a22001097a 4500 | ||
|---|---|---|---|
| 008 | 160506b xxu||||| |||| 00| 0 eng d | ||
| 020 | _a0801672252 | ||
| 041 | _aeng | ||
| 080 | _a61 | ||
| 245 |
_aMosbys medical nursing allied health dictionary: _cKenneth N.Anderson; Lois E. Anderson; Walter D. Glanze; |
||
| 942 |
_2udc _cBK |
||
| 999 |
_c1842 _d1842 |
||